Devinez l'État Américain Mystère #10 - Statistiques

Statistiques générales
  • Ce quiz a été pris 238 fois
  • Le résultat moyen est 29 sur 33
Statistiques - réponses
Type de Réponse Réponse % Correct
Lettre de l'Alphabet E
100%
Lettre Trouvée N
100%
Lettre Trouvée A
99%
Lettre de l'Alphabet O
98%
Lettre de l'Alphabet R
98%
Lettre de l'Alphabet I
97%
Lettre de l'Alphabet T
97%
Lettre de l'Alphabet L
96%
Lettre Trouvée S
96%
Lettre de l'Alphabet D
94%
Lettre de l'Alphabet H
94%
Lettre de l'Alphabet C
93%
Lettre de l'Alphabet G
92%
Lettre Trouvée K
92%
Lettre de l'Alphabet M
92%
Lettre de l'Alphabet U
92%
Lettre de l'Alphabet W
92%
Lettre de l'Alphabet V
90%
Lettre de l'Alphabet Y
90%
Lettre de l'Alphabet X
89%
Lettre de l'Alphabet F
88%
Lettre de l'Alphabet B
85%
Lettre Bien Placée S
83%
Lettre de l'Alphabet Z
83%
Lettre de l'Alphabet J
80%
Lettre de l'Alphabet P
80%
Lettre Bien Placée A
77%
Lettre Bien Placée A
77%
Lettre Bien Placée K
77%
État Mystère Kansas
77%
Lettre Bien Placée N
77%
Lettre de l'Alphabet Q
77%
Lettre Bien Placée S
77%
Aucun quiz correspondant
Distribution des résultats
% des personnes avec chaque résultat
Percentile par nombre de réponses
Votre historique - résultats
Vous n’avez pas pris ce quiz